Creative shellcraft /

Directions for collecting shells and using them to make a variety of items such as pictures, mobiles, jewelry, ashtrays, and Christmas decorations.

Bibliographic Details
Main Author: Cutler, Katherine N.
Other Authors: Maestro, Giulio
Format: Book
Language:English
Published: New York : Lothrop, Lee & Shepard Co., [1971]
Subjects:

MARC

Tag First Indicator Second Indicator Subfields
LEADER 00000cam a2200000 4500
001 in00000093618
005 20150927070201.0
008 710902s1971 nyua j b 00110 eng
010 |a  73148484  
035 |a (OCoLC)00160926 
035 |9 AAL5466AM 
040 |a DLC  |c DLC  |d TXA  |d UtOrBLW 
049 |a TXAM  |c [920722] 
050 0 0 |a TT862  |b .C87 
082 0 |a 745.55 
100 1 |a Cutler, Katherine N. 
245 1 0 |a Creative shellcraft /  |c [by] Katherine N. Cutler. Illustrated by Giulio Maestro. 
264 1 |a New York :  |b Lothrop, Lee & Shepard Co.,  |c [1971] 
300 |a 96 pages :  |b illustrations ;  |c 25 cm. 
336 |a text  |b txt  |2 rdacontent 
337 |a unmediated  |b n  |2 rdamedia 
338 |a volume  |b nc  |2 rdacarrier 
504 |a Bibliography: page 88. 
520 |a Directions for collecting shells and using them to make a variety of items such as pictures, mobiles, jewelry, ashtrays, and Christmas decorations. 
650 0 |a Shellcraft  |x Juvenile literature. 
650 1 |a Shellcraft. 
650 1 |a Handicraft. 
700 1 |a Maestro, Giulio. 
999 |a MARS 
999 f f |s 90984c9f-caee-3cef-a2ba-1ca57171a408  |i d4cfccd0-3d7c-35ad-96b2-12d2eb00baa4  |t 0 
952 f f |p ric  |a Texas A&M University  |b Rellis Campus  |c Joint Library Facility  |d Remote Storage  |t 0  |e TT862 .C87  |h Library of Congress classification  |i unmediated -- volume  |m A14805666175 
998 f f |a TT862 .C87  |t 0  |l Remote Storage